000 00303nam a22001457a 4500
008 210518b ||||| |||| 00| 0 eng d
020 _a0314251790
041 _aeng
080 _a541
082 _a541
100 _a12
101 _aKIM
245 _aChemistry
_cStanley R. Radel
942 _2udc
_cBK
999 _c57436
_d57436